skbl

Dr Suryya Kumar Bhuyan Library Web-OPAC
ডঃ সূৰ্য্য
কুমাৰ ভূঞা পুথিভঁৰাল ৱেব-অ'পেক

All Research Scholars are advised to clear the annual library fees to continue using Library Resources, Remote Access, Plagiarism Test and Library Clearance.

Cotton University Book Fair 2026

The Library PR Handbook : High-Impact Communication (Record no. 65807)

MARC details
000 -LEADER
fixed length control field 00576nam a2200193Ia 4500
001 - CONTROL NUMBER
control field 64707
008 - FIXED-LENGTH DATA ELEMENTS--GENERAL INFORMATION
fixed length control field 210921n ii |||gr||||Z||||||465
020 ## - INTERNATIONAL STANDARD BOOK NUMBER
International Standard Book Number 9788170006138
082 ## - DEWEY DECIMAL CLASSIFICATION NUMBER
Classification number 021.7
100 ## - MAIN ENTRY--PERSONAL NAME
Personal name Gould.
245 #0 - TITLE STATEMENT
Title The Library PR Handbook : High-Impact Communication
Statement of responsibility, etc. Edited By Mark R Gould
Medium Textual Documents
250 ## - EDITION STATEMENT
Edition statement First.
260 ## - PUBLICATION, DISTRIBUTION, ETC.
Place of publication, distribution, etc. New Delhi
Name of publisher, distributor, etc. Ess Ess Publications
Date of publication, distribution, etc. 2010.
300 ## - PHYSICAL DESCRIPTION
Extent 113pg:
Dimensions 30cm.
653 ## - INDEX TERM--UNCONTROLLED
Uncontrolled term Library Science
653 ## - INDEX TERM--UNCONTROLLED
Uncontrolled term The Library PR Handbook : High-Impact Communication
653 ## - INDEX TERM--UNCONTROLLED
Uncontrolled term G-Library Science
942 ## - ADDED ENTRY ELEMENTS (KOHA)
Source of classification or shelving scheme Dewey Decimal Classification
Koha item type Books
Holdings
Withdrawn status Lost status Damaged status Not for loan Collection Home library Current library Shelving location Date acquired Coded location qualifier Cost, normal purchase price Total checkouts Full call number Barcode Date last seen Copy number Price effective from Koha item type
          Dr. Suryya Kumar Bhuyan Library Dr. Suryya Kumar Bhuyan Library   21/09/2021 00000 650.00   021.7 Go 73 Li 3985/cu/lib 14/01/2024 1 21/09/2021 Books

Designed and Maintained by Team SKBL
©1901-2026

Powered by Koha